| 000 | 00662nam a2200241Ia 4500 | ||
|---|---|---|---|
| 003 | OSt | ||
| 005 | 20220924130739.0 | ||
| 006 | a|||||r|||| 00| 0 | ||
| 007 | ta | ||
| 008 | 220923b |||||||| |||| 00| 0 per d | ||
| 024 | _a317111 | ||
| 037 | _cTextual | ||
| 040 |
_aARTS _cARTS _bper |
||
| 041 |
_2per _aper |
||
| 082 | _aO164,1K18,1:g, M3 | ||
| 100 |
_aNadvi Mujeebullah Au. _9194412 |
||
| 245 | 0 | _aSarmad aur unki Rubaiyaan | |
| 260 |
_aU.P. _bDarul Taleef India _c1983 |
||
| 300 |
_a125p. _ccm. |
||
| 650 | _aPERSIAN POETRY | ||
| 942 |
_hO164,1K18,1:g, M3 _cTEXL _2CC |
||
| 999 |
_c425358 _d425358 |
||